| 000 | 00674nam a22002177a 4500 | ||
|---|---|---|---|
| 005 | 20170124110217.0 | ||
| 010 | _aA-709777 | ||
| 020 |
_c50.00 _a0861321162 |
||
| 035 | _aA-709777 | ||
| 037 | _bCen Lib/Ret | ||
| 040 |
_aDPL _bEN |
||
| 082 |
_a921 _bKHW |
||
| 100 |
_aKhwaja Ahmad Abbas _939342 |
||
| 245 |
_aIndira Gandhi : _cby Khwaja Ahmad Abbas _bthe last post / |
||
| 260 |
_aBombay _bPopular Prakashan _c1985 |
||
| 270 |
_a35-C, Pandit Madan Mohan Malviya Marg, Tardeo _bBombay _e400 034 |
||
| 300 |
_avii,116p. _c20cm(Hb) |
||
| 650 |
_aGandhi, Indira -- 1917-1984 _9105503 |
||
| 650 |
_aPrime ministers _916267 |
||
| 942 |
_2ddc _cEN _h921 _mKHW |
||
| 999 |
_c133945 _d133945 |
||